LEADER 01020nam a2200265 i 4500 001 000000136189 003 CaOOAMICUS 005 20260407124204.0 008 050318s1999 it u000 u mul u 013 $a109668 040 $aSeMil$bita 100 1 $aStevenson, Robert Louis,$d<1850-1894>.$0(OLS)http://semarc/name/47433 245 10$aSermone di Natale /$cRobert Louis Stevenson ; traduzione di Giacomo Arduini. 264 1$aMilano :$bAdelphi,$c1999. 300 $a37 p. ;$c19 cm. 546 $aTesto a fronte in inglese 650 4$aNatale [nella] letteratura.$0(OLS)http://semarc/subject/50896 700 1 $aArduini, Giacomo.$0(OLS)http://semarc/name/47618 850 $aSeMil 852 $aSeMil$W1$xVenegono$y1$m1V II 14$j89807$B89807$CSeMilBibl$Z2$F94585 $81 941 1 $a4 961 $aOmaggio: Martini Card. Carlo Maria 996 $6245$aSermone di Natale$9(OLS)http://semarc/title/199010 996 $6264$aMilano :$bAdelphi$9(OLS)http://semarc/publisher/30018